LEADER 01206nam0 2200313 450 001 000020101 005 20081201102116.0 100 $a20081201g18871890km-y0itay50------ba 101 0 $aita 102 $aIT 105 $ay-------001yy 200 1 $aDiscorsi parlamentari di Quintino Sella$fraccolti e pubblicati per deliberazione della Camera dei deputati 210 $aRoma$cTipografia della Camera dei deputati$d1887-1890 215 $a5 v.$d23 cm 327 1 $av. 1$av. 2$av. 3$av. 4$av. 5 500 10$aDiscorsi parlamentari di Quintino Sella$933262 610 1 $aSella, Quintino$aDiscorsi parlamentari$aEd. ante 1900 676 $a945.084$v19$9Storia d'Italia. Regno di Vittorio Emanuele 2. e Umberto 1., 1861-1900 700 1$aSella,$bQuintino$07123 712 02$aItalia :$bCamera dei deputati 801 0$aIT$bUNIPARTHENOPE$c20081201$gRICA$2UNIMARC 912 $a000020101 951 $aA328.09/1(1)$b11450$cNAVA1$d2008 951 $aA328.09/1(2)$bs. i.$cNAVA1$d2008 951 $aA328.09/1(3)$bs. i.$cNAVA1$d2008 951 $aA328.09/1(4)$bs. i.$cNAVA1$d2008 951 $aA328.09/1(5)$bs. i.$cNAVA1$d2008 996 $aDiscorsi parlamentari di Quintino Sella$933262 997 $aUNIPARTHENOPE LEADER 01273nam0 22003493i 450 001 VEA0035117 005 20231121125918.0 010 $a8802014124 020 $aIT$b804977 100 $a20151016d1979 ||||0itac50 ba 101 | $aita 102 $ait 181 1$6z01$ai $bxxxe 182 1$6z01$an 200 1 $aWladislaw St. Reymont $eLe opere 210 $a[Torino]$cUTET$dstampa 1979 215 $aXXXVIII, 1030, [1] c. di tav.$critr.$d19 cm 225 | $aScrittori del mondo: i Nobel 300 $aSul dorso: Premio Nobel 1924 410 0$1001CFI0044221$12001 $aScrittori del mondo: i Nobel 517 1 $a˜I œcontadini.$9UBO1428678 676 $a891.8536$9$v20 700 1$aReymont$b, Wladys?aw Stanis?aw$3RAVV036816$4070$01442445 790 1$aReymont$b, Ladislas$3LO1V394583$zReymont, Wladys?aw Stanis?aw 801 3$aIT$bIT-01$c20151016 850 $aIT-FR0017 899 $aBiblioteca umanistica Giorgio Aprea$bFR0017 912 $aVEA0035117 950 0$aBiblioteca umanistica Giorgio Aprea$d 52CIS 1 COLL D 63$e 52VM 0000373375 VM barcode:00011226. - Inventario:14610 FLSVM$fA $h20031215$i20121204 977 $a 52 996 $aChlopi$93615826 997 $aUNICAS